LEADER 00688nam a2200217 i 4500 001 991004380436807536 005 20250508140508.0 008 250508s1979 it a er 001 0 ita d 040 $aBibl. Dip.le Aggr. Studi Umanistici - Sez. Filosofia$bita$cSocioculturale Scs 041 0 $aita 082 04$a720.92$223 245 00$aFrank Lloyd Wright /$ca cura di Bruno Zevi 260 $aBologna :$bZanichelli,$c1979 300 $a280 p.,$bill. ;$c21 cm 490 1 $aSerie di architettura ;$v4 600 14$aWright, Frank Lloyd$vBiografie 700 1 $aZevi, Bruno 830 0$aSerie di architettura ;$v4 912 $a991004380436807536 996 $aFrank Lloyd Wright$958915 997 $aUNISALENTO